000
00297nam a2200109Ia 4500
008
220204s9999 xx 000 0 und d
082
_a
159.9:793
_b
BER
100
_a
BERNE, Eric
245
0
_a
Games people play: The psychology of human relationships
260
_a
New York
_b
Grove
_c
1964
942
_c
BK
999
_c
30968
_d
30968